000 00738nam a2200241Ia 4500
003 OSt
005 20220926021031.0
006 a|||||r|||| 00| 0
007 ta
008 220923b |||||||| |||| 00| 0 eng d
037 _cGeneral Book
040 _aRTL
_cRTL
_beng
041 _2eng
_aeng
082 _aU:(Y).687, K8
100 _aSoja Edward W
_922367
245 0 _aGeography of modernization in Kenya
_b A Spatial analysis of social, economic and
260 _aNew York
_bSyracuse University Press U S A
_c1968
300 _axi,143p.
_ccm.
490 _aSyracuse Geographical
650 _aGeography - Environment
_9229896
942 _hU:(Y).687, K8
_cGB
_2CC
999 _c635572
_d635572